Prisoner on a Bus (Record no. 10867)

000 -LEADER
fixed length control field 00472 a2200157 4500
020 ## - INTERNATIONAL STANDARD BOOK NUMBER
International Standard Book Number 9693515250
082 ## - DEWEY DECIMAL CLASSIFICATION NUMBER
Classification number 954.9142
090 ## - LOCALLY ASSIGNED LC-TYPE CALL NUMBER (OCLC); LOCAL CALL NUMBER (RLIN)
-- 7059
-- 7059
100 ## - MAIN ENTRY--PERSONAL NAME
Personal name Salman, Rashid
245 ## - TITLE STATEMENT
Title Prisoner on a Bus
Remainder of title Travels through Pakistan
Statement of responsibility, etc. Salman, Rashid
260 ## - PUBLICATION, DISTRIBUTION, ETC.
Place of publication, distribution, etc. Pakistan
Name of publisher, distributor, etc. Sang-eMeel Publications
Date of publication, distribution, etc. 2003
300 ## - PHYSICAL DESCRIPTION
Extent 200 p.
Other physical details ;ill.
Dimensions 25 cm.
500 ## - GENERAL NOTE
General note Includes bibliograhical references and index
650 ## - SUBJECT ADDED ENTRY--TOPICAL TERM
Topical term or geographic name entry element 1. History-Pakistan-Travels.
942 ## - ADDED ENTRY ELEMENTS (KOHA)
Koha item type Book
Call number prefix 954.9142 SAL
Holdings
Withdrawn status Lost status Damaged status Not for loan Permanent Location Current Location Date acquired Full call number Barcode Date last seen Price effective from Koha item type
        Central Library (CL) Central Library (CL) 08/25/2021 954.9142 SAL SEECSD00501 11/14/2012 11/14/2012 Reference
© 2023 Central Library, National University of Sciences and Technology. All Rights Reserved.